000 00583nam a2200193 i 4500
001 74743
003 ES-MaACL
005 20250831023856.0
007 t|
008 040920s1971 sp |||| | spa d
100 1 _aGonzález del Valle, José M.
_958592
245 1 0 _aIglesia, Estado y conciencia cristiana /
_cJosé María González del Valle, Tomás Rincón.
260 _aMadrid :
_bPalabra,
_c1971.
300 _a127 p. ;
_c20 cm.
650 0 7 _aIglesia y Estado
_2embne
_913554
700 1 _aRincón, Tomás.
_997264
852 _aES-MaACL
_jC-50619
999 _c74743
_d74743